00720nam a2200253 a 4500001001300000003000900013005001700022008004100039020002300080082001300103100002700116245002000143260004700163300001000210500003500220505001000255650002300265700001800288700002000306902000800326942000700334952011000341999001500451nice12345678IN_TiNIC20260116013133.0050524s1984 newa grp 000 0 eng  a0815696 c8.500a297bHAD aHaddad, Yvonne Yazbeck aIslamic Impact. aNew YorkbSyracuse University Press c1984 a249p. aincludes index and biblioraphy2 aIndex aIslam-20th Century1 aHaines, Byron1 aFindly, Ellison bSRS cBK 001040708StackRoom-aHMIbHMId2009-01-22g8.50l0o297 HADp017662r2009-01-22v8.50w2005-05-24yBK c9813d9813